000 01407nam0a22003011 4500
001 rc\131089
005 20030307112200.3
010 _a5-270-01889-6
_920000
035 _a(NLR Aleph) 008768142
090 _a7907118
_c7907118
100 _a20030307d1995 u |0rusy50 ca
101 0 _arus
102 _aRU
105 _aa |||||||||
200 1 _aАтаман волжских разбойников Ермак, князь Сибирский
_eИст. романы
_fН.А. Чмырев
_g[Иллюстрации В.В. Лукашова]
210 _aМ.
_cСовременник
_d1995
215 _a287, [2] с.
_cил.
_d21
225 1 _aИстория Отечества в романах для детей
327 1 _aСодерж.: Атаман волжских разбойников Ермак, князь Сибирский; Развенчанная царевна: О М. Хлоповой; Развенчанная царевна в ссылке
464 0 _12001#$aАтаман волжских разбойников Ермак, князь Сибирский
464 0 _12001#$aРазвенчанная царевна
464 0 _12001#$aРазвенчанная царевна в ссылке
700 1 _aЧмырев
_bН. А.
_gНиколай Андреевич
801 0 _aRU
_bNLR
_gpsbo
801 1 _aRU
_bELAR
_2rusmarc
852 _aNLR
_j95-3/6043
942 _cBOOK
980 _aNB